International Business (Record no. 5856)

MARC details
005 - DATE AND TIME OF LATEST TRANSACTION
control field 20250628075931.0
020 ## - INTERNATIONAL STANDARD BOOK NUMBER
International Standard Book Number 0-07-366002-7
082 ## - DEWEY DECIMAL CLASSIFICATION NUMBER
Classification number 658.049 HIL
100 ## - MAIN ENTRY--PERSONAL NAME
Author name HILL, C.
245 ## - TITLE STATEMENT
Title International Business
250 ## - EDITION STATEMENT
Edition statement 2nd Ed.
260 ## - PUBLICATION, DISTRIBUTION, ETC.
Place of publication, distribution, etc. New York City
Name of publisher, distributor, etc. Irwin/McGraw-Hill
Date of publication, distribution, etc. 1998
300 ## - PHYSICAL DESCRIPTION
Extent xx; 629Pages; Glossary; Index
Other physical details Illustration
Dimensions 24cm
942 ## - ADDED ENTRY ELEMENTS (KOHA)
Source of classification or shelving scheme Dewey Decimal Classification
Suppress in OPAC No
Koha item type Books
Holdings
Date last seen Total checkouts Full call number Barcode Price effective from Koha item type Lost status Source of classification or shelving scheme Damaged status Not for loan Withdrawn status Home library Current library Shelving location Date acquired Source of acquisition
06/28/2025   658.049 HIL DOM0002268 06/28/2025 Books   Dewey Decimal Classification       CBE Dodoma CBE Dodoma General Collection 03/08/2000 Library Budget